Социальные проблемы формирования специалиста в вузе: на материалах конкретно-социологического исследования способа деятельности молодых инженеров

Détails bibliographiques
Auteur principal: Камышев Э. Н. Эдуард Николаевич
Langue:russe
Publié: Томск, Изд-во ТГУ, 1984
Sujets:
Format: Livre
KOHA link:https://koha.lib.tpu.ru/cgi-bin/koha/opac-detail.pl?biblionumber=26057

MARC

LEADER 00000nam0a2200000 4500
001 26057
005 20231030201434.0
035 |a (RuTPU)RU\TPU\book\26297 
035 |a BOOK00000214 
090 |a 26057 
100 |a 20011209d1984 k y0rusy50 ca 
101 0 |a rus 
102 |a RU 
105 |a a z 000zy 
200 1 |a Социальные проблемы формирования специалиста в вузе  |e на материалах конкретно-социологического исследования способа деятельности молодых инженеров  |f Э. Н. Камышев 
210 |a Томск  |c Изд-во ТГУ  |d 1984 
215 |a 241 с.  |c ил. 
610 1 |a педагогика 
610 1 |a образование 
610 1 |a вузы 
610 1 |a высшее образование 
610 1 |a специалисты 
610 1 |a учебно-воспитательная работа 
610 1 |a инженеры 
610 1 |a техники 
610 1 |a подготовка 
610 1 |a труды учёных ТПУ 
686 |a Ч484(2)  |v LBC/SL-A  |2 rubbk 
700 1 |a Камышев  |b Э. Н.  |c российский ученый  |c профессор кафедры социологии, психологии и права ТПУ  |f 1943-  |g Эдуард Николаевич  |2 stltpush  |3 (RuTPU)RU\TPU\pers\19796 
801 0 |a RU  |b 63413507  |c 20011209  |g PSBO 
801 2 |a RU  |b 63413507  |c 20201114  |g PSBO 
942 |c BK